000 00573nam a2200181Ia 4500
005 20250508160220.0
008 008 250505s9999 xx 000 0 eng d
037 _aDissertations
040 _aFEDL
_beng
_cFEDL
041 _aeng
_2eng
084 _a491.430 7, COM/DI
_qFEDL
245 0 _aComparative study of achievement in hindi of different religious groups of class 9th girl students
260 _c1967
300 _a50p.
546 _aM. Ed. Dissertation (Lucknow University)
942 _cDIS
_h491.430 7, COM/DI
999 _c1362740
_d1362740